Sectarismo religioso y conflicto social /
Trata de la explosión pentecostal que se produjo en Centroamérica durante la década de 1970 y que aún hoy en día se mantiene, coincidiendo con la crisis económica del sistema capitalista a nivel mundial y regional. De este modo, con el deterioro en las condiciones de vida y la agudización de la luch...
Guardado en:
| Hovedforfatter: | |
|---|---|
| Format: | Texto |
| Fag: | |
| Tags: |
Tilføj Tag
Ingen Tags, Vær først til at tagge denne postø!
|
MARC
| LEADER | 00000 a a2200000 04500 | ||
|---|---|---|---|
| 001 | 12697 | ||
| 003 | |||
| 040 | |||
| 100 | |a Valverde Rojas, Jaime | ||
| 245 | |a Sectarismo religioso y conflicto social / |c Jaime Valverde Rojas | ||
| 520 | |a Trata de la explosión pentecostal que se produjo en Centroamérica durante la década de 1970 y que aún hoy en día se mantiene, coincidiendo con la crisis económica del sistema capitalista a nivel mundial y regional. De este modo, con el deterioro en las condiciones de vida y la agudización de la lucha de clases en la región, particularmente en Costa Rica, estos grupos juegan un papel importante en la vida política y económica, y pretenden luchar por lo que simbólicamente se conoce como "la salvación". SM/EL | ||
| 650 | |a RECESION ECONOMICA | ||
| 650 | |a IGLESIAS PROTESTANTES | ||
| 650 | |a CONDICIONES DE VIDA | ||
| 650 | |a RELIGION | ||
| 650 | |a DEMOCRACIA | ||
| 650 | |a ALIENACION | ||
| 650 | |a CONFLICTOS SOCIALES | ||
| 773 | |g número 3; páginas 15-25 | ||
| 999 | |c 40004 |d 40004 | ||
